Datum a čas kvízu
35.5
Celkem bodů
Celkový počet nahraných bodů na tomto kvízu bez doplňovacích otázek.
4.
Pořadí na kvízu
Konečné umístění týmu na tomto kvízu.
Zaznamenané odpovědi
| # | Otázka | Odpověď | Body | Výsledky |
|---|---|---|---|---|
| 1. | Ústavní soud odmítl stížnost N... | Bouzov | 1 | |
| 2. | Minulý pátek proběhla ve více... | Fridays for Future | 1 | |
| 3. | Minulou sobotu začala v areálu... | František Kupka | 1 | |
| 4. | Minulý týden byla potvrzena fú... | Česká pojišťovna, Pojišťovna Generali | 0 | |
| 5. | Fotbalisté Slavie Praha si na... | Peter Olayinka | 0 | |
| 6. | V tomto tématu se podíváme na... | B | 1 | |
| 5. | Na pomezí Pardubického kraje a... | Devět skal | 1 | |
| 5. | Na území CHKO Třeboňsko můžeme... | Jelčan a Sedlčan | 1 | |
| 5. | Oceňovaný minipivovar Matuška... | Křivoklátsko | 0 | |
| 5. | Jak se poněkud anarchisticky n... | Punkva | 1 |